000 00646nam a22001817a 4500
008 160414b xxu||||| |||| 00| 0 eng d
020 _a9710863673
082 _22005
_aDFil 800
_bSe5i
100 _95518
_aSenatin, Ruby B.
245 _aIntroduction to literature English 104:
_b(textbook-workbook)/
_cRuby B. Senatin and Fe G. Centenera.
260 _aMandaluyong City:
_bNational Book Store,
_cc2005.
300 _aix, 213 pages;
_c22 cm.
500 _aIncludes bibliographical references.
650 0 _95519
_aLiterature
_vStudy and teaching
700 _95520
_aCentenera, Fe G.
_eAuthor.
365 _b195.00
_cPhp
942 _2ddc
_cDFIL
999 _c2289
_d2289